Hrad Čachtice

Zobrazenie: Pohľad na Čachtický hrad na vrchole trávnatého kopca. V popredí je na lúke na svahu niekoľko mladých stromov a kríkov. Vpravo v pozadí je pod hradom vidno husté ihličnaté stromy. Vľavo a v diaľke sú lesy a lány lúk. Vpravo dole je vodorovne bielym písmom názov

Bibliographic Details
Other Authors: Ondrejkovič, Ivan, 1935-1998 (Photographer)
Format: Postcard
Language:Slovak
PhysicalDescription:1 pohľadnica farebná 11 x 15 cm
Published: Bratislava ČSTK-Pressfoto 1990
Subjects:

MARC

LEADER 00000ckm a2200000 a 4500
001 vtls001205573
003 SK-MaSNL
005 20260512123815.0
007 kp co
008 180703s1990 xo g 0kuslo
015 |a SNBG1990 
035 |a SNK000148643 
040 |a SNK  |b slo  |c SNK  |e AACR2 
041 0 |a slo 
043 |a e-xo--- 
044 |a xo  |c SK 
072 7 |a 913  |x Regionálna geografia  |2 konspekt 
080 |a 913(437.6)  |2 2011 
080 |a 908(437.6)  |2 2011 
080 |a 904(084.121)  |2 2011 
080 |a 728.81  |2 2011 
080 |a 7.025.21  |2 2011 
080 |a 633.2.03  |2 2011 
080 |a 630*10  |2 2011 
100 1 |a Ondrejkovič, Ivan,  |d 1935-1998  |4 pht  |9 7599 
245 1 0 |a Hrad Čachtice  |h grafika  |c foto: I. Ondrejkovič 
246 1 |i Názov na adresnej časti:  |a Čachtice 
260 |a Bratislava  |b ČSTK-Pressfoto  |c 1990  |e Skalica  |f Grafobal 
300 |a 1 pohľadnica  |b farebná  |c 11 x 15 cm 
500 |a Názvové údaje prevzaté z obrazovej časti pohľadnice 
520 8 |a Zobrazenie: Pohľad na Čachtický hrad na vrchole trávnatého kopca. V popredí je na lúke na svahu niekoľko mladých stromov a kríkov. Vpravo v pozadí je pod hradom vidno husté ihličnaté stromy. Vľavo a v diaľke sú lesy a lány lúk. Vpravo dole je vodorovne bielym písmom názov 
610 1 7 |a Čachtice (Slovensko : hrad)  |2 SNKKA  |9 167639 
650 0 7 |a historické pamiatky  |2 SNKPH  |9 75346 
650 0 7 |a kultúrne pamiatky  |2 SNKPH  |9 2862 
650 0 7 |a zrúcaniny  |2 SNKPH  |9 31233 
650 0 7 |a hrady  |2 SNKPH  |9 3039 
650 0 7 |a lesy  |2 SNKPH  |9 1437 
650 0 7 |a lúky  |2 SNKPH  |9 3676 
651 7 |a Čachtice (Slovensko)  |2 SNKPHgeo  |9 169311 
655 7 |a pohľadnice kultúrnych pamiatok  |2 SNKPH  |9 70523 
655 7 |a miestne pohľadnice  |2 SNKPH  |9 70510 
655 7 |a geografické pohľadnice  |2 SNKPH  |9 70522 
958 |a GBN 
958 |a GC 
958 |a OND 
999 |c 785413  |d 787343 
952 |a SNK  |b SNK  |y PREZ  |7 0  |p 17A1291369  |o snkSP 142382  |i snk2251/90  |0 0  |1 0  |4 0  |d 2021-11-09  |f 1  |l 0  |r 2026-02-24 01:18:20  |w 2026-02-24 
952 |a SNK  |b SNK  |y PREZ  |7 0  |p 17A1291368  |o snkSP 142382 D1  |i snk2252/90  |0 0  |1 0  |4 0  |d 2021-11-09  |l 0  |r 2026-02-24 01:18:20  |w 2026-02-24